Продолжение преобразований, или Поправки к стереотипам (1866-1881); Высшее образование сегодня; № 10
| Parent link: | Высшее образование сегодня: научно-практический журнал.— , 2001-.— 1726-667X № 10.— 2003.— С. 68-74 |
|---|---|
| المؤلف الرئيسي: | |
| الملخص: | Высшее образование в документах: Журнал в журнале |
| اللغة: | الروسية |
| منشور في: |
2003
|
| سلاسل: | Школа истории |
| الموضوعات: |
Толстой
> Д. А.
> граф, государственный деятель, министр народного просвещения
> 1823-1889
> Дмитрий Андреевич
Сабуров
> А. А.
> государственный деятель, юрист, министр народного просвещения
> 1837-1916
> Андрей Александрович
Соловьев
> С. М.
> русский историк, профессор, ректор Московского университета
> 1820-1879
> Сергей Михайлович
|
| التنسيق: | MixedMaterials فصل الكتاب |
| KOHA link: | https://koha.lib.tpu.ru/cgi-bin/koha/opac-detail.pl?biblionumber=389118 |
MARC
| LEADER | 00000naa2a2200000 4500 | ||
|---|---|---|---|
| 001 | 389118 | ||
| 005 | 20231101063828.0 | ||
| 035 | |a (RuTPU)RU\TPU\prd\20981 | ||
| 090 | |a 389118 | ||
| 100 | |a 20031226a2003 k y0rusy50 ca | ||
| 101 | 0 | |a rus | |
| 102 | |a RU | ||
| 200 | 1 | |a Продолжение преобразований, или Поправки к стереотипам (1866-1881) |f А. Г. Глухов | |
| 225 | 1 | |a Школа истории | |
| 300 | |a Высшее образование в документах: Журнал в журнале | ||
| 461 | 1 | |0 (RuTPU)RU\TPU\prd\1307 |x 1726-667X |t Высшее образование сегодня |o научно-практический журнал |d 2001- | |
| 463 | 1 | |0 (RuTPU)RU\TPU\prd\20656 |t № 10 |v С. 68-74 |d 2003 | |
| 600 | 1 | |a Толстой |b Д. А. |c граф, государственный деятель, министр народного просвещения |f 1823-1889 |g Дмитрий Андреевич | |
| 600 | 1 | |a Сабуров |b А. А. |c государственный деятель, юрист, министр народного просвещения |f 1837-1916 |g Андрей Александрович | |
| 600 | 1 | |a Соловьев |b С. М. |c русский историк, профессор, ректор Московского университета |f 1820-1879 |g Сергей Михайлович | |
| 600 | 1 | |a Бекетов |b А. Н. |c ботаник-эволюционист |f 1825-1902 |g Андрей Николаевич |2 stltpush |3 (RuTPU)RU\TPU\pers\7423 | |
| 600 | 1 | |a Менделеев |g Дмитрий Иванович |b Д. И. |c ученый-химик, педагог, прогрессивный общественный деятель |f 1834-1907 |2 stltpui |3 (RuTPU)RU\TPU\pers\1367 | |
| 600 | 1 | |a Корф |b Н. А. |c барон, педагог, эемский деятель, публицист |f 1834-1885 |g Николай Александрович | |
| 600 | 1 | |a Вольф |b М. О. |c издатель, типограф, книгопродавец |f 1825-1883 |g Маврикий Осипович | |
| 610 | 1 | |a высшее образование | |
| 610 | 1 | |a учебные заведения | |
| 610 | 1 | |a контроль | |
| 610 | 1 | |a реформы | |
| 610 | 1 | |a женское образование | |
| 610 | 1 | |a образование | |
| 610 | 1 | |a учебники | |
| 610 | 1 | |a бестужевские курсы | |
| 700 | 1 | |a Глухов |b А. Г. | |
| 801 | 1 | |a RU |b 63413507 |c 20031226 |g PSBO | |
| 801 | 2 | |a RU |b 63413507 |c 20140729 |g PSBO | |
| 942 | |c BK | ||